000 00291nam a22001337a 4500
008 170131b xxu||||| |||| 00| 0 eng d
020 _a928909
041 _aeng
080 _22ND
_a61
100 _a3
101 _aSHMI
245 _aHUMAN BIOLOGY ANDBEHAVIOUS
_cWEISS, M.L
942 _2udc
_cBK
999 _c4054
_d4054